Masculinities in contemporary American culture : an intersectional approach to the complexities and challenges of male identity /

Bibliographic Details
Main Author: Keith, Thomas, 1958- (Author)
Corporate Author: EBSCOhost
Format: eBook
Language:English
Published: New York, NY : Routledge, 2017.
Subjects:
Online Access:Connect to the full text of this electronic book

MARC

Tag First Indicator Second Indicator Subfields
LEADER 00000cam a22000001i 4500
001 in00003939721
005 20190416173105.0
006 m |o d |
007 cr |n|||||||||
008 170322t20172017nyua ob 001 0 eng d
020 |a 9781317595359 (electronic bk.) 
020 |a 1317595351 (electronic bk.) 
020 |z 9781138818064 
020 |z 1138818062 
020 |z 9781138818071 
020 |z 1138818070 
024 8 |a 99975502508 
035 |a (NhCcYBP)ybp13381958 
040 |a NhCcYBP  |c NhCcYBP  |d UtOrBLW 
043 |a n-us--- 
050 4 |a HQ1090.3  |b .K445 2017 
082 0 4 |a 305.310973  |2 23 
100 1 |a Keith, Thomas,  |d 1958-  |e author.  |0 http://id.loc.gov/authorities/names/no2009038116 
245 1 0 |a Masculinities in contemporary American culture :  |b an intersectional approach to the complexities and challenges of male identity /  |c Thomas Keith. 
264 1 |a New York, NY :  |b Routledge,  |c 2017. 
264 4 |c ©2017 
300 |a 1 online resource. 
336 |a text  |b txt  |2 rdacontent 
337 |a computer  |b c  |2 rdamedia 
338 |a online resource  |b cr  |2 rdacarrier 
504 |a Includes bibliographical references and index. 
588 |a Description based on print version record. 
500 |a Electronic resource. 
650 0 |a Men  |z United States.  |0 http://id.loc.gov/authorities/subjects/sh88002189 
650 0 |a Masculinity  |z United States.  |0 http://id.loc.gov/authorities/subjects/sh2008107270 
650 0 |a Men  |x Identity.  |0 http://id.loc.gov/authorities/subjects/sh98000820 
655 7 |a Electronic books.  |2 local 
710 2 |a EBSCOhost. 
776 1 8 |c Original  |z 9781138818064  |z 1138818062  |z 9781138818071  |z 1138818070  |w (DLC) 2016029549 
856 4 0 |u http://proxy.library.tamu.edu/login?url=http://search.ebscohost.com/login.aspx?direct=true&scope=site&db=nlebk&db=nlabk&AN=1451785  |z Connect to the full text of this electronic book  |t 0 
955 |a YBP purchased EBSCO DDA e-records 
999 f f |s 1ef45551-e191-35a3-8d87-b05a4d8eca0d  |i 572cb888-e28b-3d56-977c-2c976fa26a9d  |t 0 
952 f f |a Texas A&M University  |b College Station  |c Electronic Resources  |d Available Online  |t 0  |e HQ1090.3 .K445 2017  |h Library of Congress classification 
998 f f |a HQ1090.3 .K445 2017  |t 0  |l Available Online